000
00228nam a2200097Ia 4500
001
778093
005
20250826165919.0
008
250824s9999 xx 000 0 und d
245
0
_a
YOLDA
_c
BUKET UZUNER
260
_b
EVEREST YAYINLARI
999
_c
778093
_d
778093